[Event "Chennai Murali Mohan Memorial 2nd"]
[Site "Chennai"]
[Date "2023.07.15"]
[Round "1"]
[White "Arjun, C Krishnamachari"]
[Black "Deevitha, G."]
[Result "1-0"]
[WhiteElo "2029"]
[BlackElo "1008"]
[PlyCount "131"]
[EventDate "2023.07.15"]
[EventType "swiss (rapid)"]
[EventRounds "9"]
[EventCountry "IND"]
[SourceTitle "CBM 215 Extra"]
[Source "ChessBase"]
[SourceDate "2023.09.30"]
[SourceVersion "1"]
[SourceVersionDate "2023.09.30"]
[SourceQuality "1"]

1. e4 e5 2. Nf3 Nc6 3. Bc4 Bc5 4. 0-0 Nf6 5. d4 exd4 6. e5 Ng4 7. Bxf7+ Kxf7 8. Ng5+ Kg8 9. Qxg4 Nxe5 10. Qe4 d6 11. Qd5+ Kf8 12. f4 Qe7 13. fxe5+ Ke8 14. exd6 cxd6 15. Qe4 d3+ 16. Kh1 Qxe4 17. Nxe4 dxc2 18. Nbc3 b6 19. Nxc5 dxc5 20. Rf2 Bb7 21. Re2+ Kd7 22. Rd2+ Kc6 23. Rxc2 Raf8 24. Be3 h6 25. a3 Rf5 26. b4 c4 27. Ne2 Re5 28. Rxc4+ Kd7 29. Bf4 Bxg2+ 30. Kxg2 Rxe2+ 31. Kf3 Re6 32. Rd1+ Ke7 33. Rc7+ Kf6 34. Rxa7 Rf8 35. Bg3 Kg5+ 36. Kg2 Re2+ 37. Kh3 g6 38. Rad7 Kh5 39. R1d2 Re3 40. R7d3 Re4 41. Kg2 Rg4 42. Rd4 Rxd4 43. Rxd4 g5 44. h4 Rg8 45. hxg5 Rxg5 46. Kh3 b5 47. Rh4+ Kg6 48. Rg4 Rxg4 49. Kxg4 Kf6 50. Kh5 Ke6 51. Kxh6 Kd5 52. Kg5 Kc4 53. Bd6 Kb3 54. Kf5 Kxa3 55. Ke6 Kb3 56. Kd5 Ka3 57. Kc5 Ka4 58. Be7 Kb3 59. Kxb5 Kc3 60. Kc5 Kb3 61. b5 Ka4 62. b6 Ka5 63. b7 Ka4 64. b8Q Ka3 65. Qb1 Ka4 66. Qa2# 1-0